[Event "MPL 47th National Women Chess-ch 2022"]
[Site "Odisha"]
[Date "2022.02.28"]
[Round "6.4"]
[White "Soumya, Swaminathan"]
[Black "Salonika, Saina"]
[Result "1-0"]
[WhiteElo "2360"]
[BlackElo "2206"]
[Annotator "TA"]
[PlyCount "51"]
[EventDate "2022.02.25"]
[EventCountry "IND"]
[SourceTitle "playchess.com"]
[Source "ChessBase"]
[SourceQuality "1"]

{[%evp 11,51,12,31,26,23,-4,-4,-8,-6,-33,-29,-30,-19,-24,-26,-19,0,-18,-16,-29,-33,-25,-25,-28,106,114,104,117,275,281,294,261,323,331,322,332,621,614,682,673,674,666]} 1. e4 c5 2. Nf3 d6 3. d4 cxd4 4. Nxd4 Nf6 5. Nc3 a6 6. h3 g6 7. g3 {B90: Sicilian Najdorf: Unusual White 6th moves, 6 Be3 Ng4 and 6 Be3 e5.} Nc6 8. Nde2 {[#]} b5 $146 ({Predecessor:} 8... Bg7 9. Bg2 O-O 10. O-O Rb8 11. a4 e6 12. Bf4 Ne5 13. b3 b5 14. axb5 axb5 {0-1 (65) Osmak,I (2345)-Bodnaruk,A (2475) Mamaia 2016}) 9. Bg2 {[%cal Oe4e5] [#] aiming for e5! The position is equal.} Bb7 10. a3 Bg7 11. O-O O-O 12. Be3 Ne5 13. b3 Qc7 14. Qd2 Rac8 15. Rac1 Ned7 16. Rfd1 Nc5 {[%cal Rc5e4]} 17. Nd5 {[%cal Bc3d5,Bd5c7,Bc7d5][%mdl 32]} Nfxe4 18. Nxc7 $16 Nxd2 19. Bxb7 Nxb7 {[#] This costs Black the game.} (19... Rxc7 $16 {was worth a try.} 20. Bg2 Bb2) 20. Nd5 $1 $18 Nf3+ 21. Kg2 Rfe8 22. Kxf3 Bb2 23. Rb1 Bxa3 (23... Bg7 24. c4 bxc4 25. bxc4 Na5) 24. b4 {White is clearly winning.} a5 25. c3 {[%cal Bc2c3,Bc3b4][%mdl 32]} axb4 26. cxb4 {Weighted Error Value: White=0.04 (flawless) /Black=0.44} 1-0

[Event "MPL 47th National Women Chess-ch 2022"]
[Site "Odisha"]
[Date "2022.02.28"]
[Round "6.5"]
[White "Sharma Isha"]
[Black "Padmini, Rout"]
[Result "1/2-1/2"]
[WhiteElo "2253"]
[BlackElo "2350"]
[Annotator "TA"]
[PlyCount "90"]
[EventDate "2022.02.25"]
[EventCountry "IND"]
[SourceTitle "playchess.com"]
[Source "ChessBase"]
[SourceQuality "1"]

{[%evp 25,90,0,12,-12,-12,-17,-16,-10,0,0,0,10,7,-14,-16,-16,-11,-53,-60,-77,-68,-121,-86,-87,-10,-9,0,0,8,8,8,29,58,12,17,0,0,0,41,52,103,61,88,52,95,33,52,28,55,56,55,53,54,57,55,0,0,0,0,0,6,0,0,0,0,0,12]} 1. e4 c5 2. Nf3 d6 3. d4 cxd4 4. Nxd4 Nf6 5. Nc3 Nc6 6. Bc4 Qb6 7. Nb3 e6 8. O-O a6 9. Be3 Qc7 10. Be2 b5 11. a3 Be7 12. f4 O-O 13. Qe1 Bb7 14. Qg3 {B49: Sicilian: Taimanov: 5 Nc3 Qc7 6 Be3 a6 7 Be2.} b4 15. axb4 Nxb4 16. Bd3 d5 {[%cal Rd5e4]} 17. e5 Ne4 18. Bxe4 dxe4 {[#]} 19. Qf2 $146 ({Predecessor:} 19. f5 exf5 20. Rxf5 Nxc2 21. Rc1 Nxe3 22. Qxe3 Qd7 23. Rcf1 Rac8 24. Nxe4 Qd5 25. Re1 Rc4 26. Nbd2 Bc5 {0-1 (27) Louka,M (1612)-Skembris,S (2412) Loutraki 2015}) 19... Nd5 20. Nxd5 Bxd5 21. Na5 (21. Nc5 $11) 21... Rab8 $1 $15 22. c4 Ba8 (22... Bxc4 $2 23. Rfc1 $18) 23. Rfc1 (23. c5 $15) 23... f6 $1 $17 24. exf6 Rxf6 (24... Bxf6 $17 25. Rc2 Bg5 $1) 25. c5 $1 $11 e5 {[%cal Re5f4]} 26. f5 Rb5 27. b4 Rxb4 28. Nc4 {[%cal Oc4d6]} Rb8 29. Rd1 (29. Nb6 $14) 29... g6 30. Nb6 {Hoping for Rd7.} Bc6 {To avoid Rd7} 31. Qa2+ Kg7 (31... Kh8 $11 32. fxg6 Rxg6) 32. fxg6 $14 hxg6 (32... Rxg6 $14 33. Qxa6 (33. Rf1 Bg5 $11) 33... Rd8) 33. Qxa6 {White is much more active.} (33. Nd5 $16 Bxd5 34. Rxd5) 33... Rd8 34. Qe2 Rff8 {[#]} (34... Rf5 $14 {is more appropriate.}) 35. Qc4 (35. h3 $1 $16) 35... Bf6 36. Rd6 Be7 {[#] A strong pair of Bishops.} (36... Rxd6 37. cxd6 Qb7 38. Qc5 $18) 37. Nd5 $1 Bxd5 38. Rxd5 Rxd5 39. Qxd5 {aiming for Ra6.} Rd8 40. Qxe4 (40. Qc4 $14) 40... Bxc5 $11 {The position is equal.} 41. Re1 Bxe3+ 42. Qxe3 Re8 43. Rc1 Qf7 44. Rf1 Qe6 45. Qe4 Re7 {Weighted Error Value: White=0.13 (very precise) /Black=0.14 (very precise)} 1/2-1/2

[Event "MPL 47th National Women Chess-ch 2022"]
[Site "Odisha"]
[Date "2022.02.28"]
[Round "6.6"]
[White "Pratyusha, Bodda"]
[Black "Velpula Sarayu"]
[Result "1-0"]
[WhiteElo "2328"]
[BlackElo "1875"]
[Annotator "TA"]
[PlyCount "75"]
[EventDate "2022.02.25"]
[EventCountry "IND"]
[SourceTitle "playchess.com"]
[Source "ChessBase"]
[SourceQuality "1"]

{[%evp 9,75,0,0,0,0,0,0,-10,16,13,18,0,0,0,0,-8,11,15,7,0,0,0,0,0,-3,-54,-16,-83,-61,-68,-70,-73,-68,-70,-67,-62,-64,-62,-73,-75,-75,-131,-71,-58,-59,-64,-66,-66,-70,-129,-137,-136,-77,-79,-59,-48,175,167,181,170,178,168,5808,9304,12833,11593,1205,1151]} 1. d4 Nf6 2. Bf4 g6 3. Nc3 d5 4. e3 c6 5. Qd2 Bg7 6. Nf3 {A45: Trompowsky Attack.} O-O 7. h4 Nbd7 8. Ne5 {[#] The position is equal.} Ne4 $146 (8... Nxe5 {is interesting.} 9. Bxe5 Ne4 10. Nxe4 Bxe5 11. dxe5 dxe4 12. Qc3 Bg4) ({Predecessor:} 8... Nh5 9. Bh2 Nxe5 10. dxe5 f6 11. exf6 Bxf6 12. Be2 Bxh4 13. g3 Bf6 14. g4 Ng7 {½-½ (60) Islam,K (2174)-Hossain,E (2426) Dhaka 2021}) 9. Nxe4 Nxe5 10. Bxe5 Bxe5 11. dxe5 {And now Nc5 would win.} dxe4 12. Qc3 Be6 13. h5 Qd5 14. Rd1 Qxa2 15. b3 {Threatens to win with Ra1.} b5 $1 16. hxg6 hxg6 17. Be2 (17. Ra1 $11 b4 18. Rxa2 bxc3 19. Ra4) 17... Rfd8 18. Rc1 (18. O-O $1 $11 {remains equal.}) 18... Qa3 19. O-O Rd5 20. Qxc6 Rc8 21. Qb7 {[%cal Oe2g4]} Qc5 22. c4 Rd2 ({Resist} 22... Rxe5 23. cxb5 Qxc1 24. Rxc1 Rxc1+ 25. Kh2 $16) 23. Rfe1 Qxe5 24. Qxa7 Kg7 $1 {Strongly threatening ...bxc4.} 25. Qa5 {[#]} ({White should play} 25. Qa1 Qxa1 26. Rxa1) 25... Rh8 26. Qc3 $17 Qxc3 27. Rxc3 b4 28. Rcc1 Ra8 29. c5 (29. Kf1 $15) 29... Raa2 30. Bf1 Rxf2 ({Better is} 30... Bxb3 {aiming for ...Be6.} 31. c6 Be6) 31. c6 Rfc2 32. c7 Kf6 $2 {Loses the game.} (32... Bc8 $15) 33. Rxc2 $18 Rxc2 34. Bc4 $1 Ke5 35. Rd1 Rxc4 $2 (35... g5 36. Rd8 Bg4) 36. bxc4 {White is clearly winning.} b3 {[#]} 37. Rd5+ $1 {[%mdl 512]} Kf6 (37... Bxd5 38. c8=Q) 38. Rb5 {Weighted Error Value: White=0.12 (very precise) /Black=0.25 (precise)} 1-0

[Event "MPL 47th National Women Chess-ch 2022"]
[Site "Odisha"]
[Date "2022.02.28"]
[Round "6.7"]
[White "Arpita, Mukherjee"]
[Black "Bommini Mounika Akshaya"]
[Result "1/2-1/2"]
[WhiteElo "2260"]
[BlackElo "2145"]
[Annotator "TA"]
[PlyCount "67"]
[EventDate "2022.02.25"]
[EventCountry "IND"]
[SourceTitle "playchess.com"]
[Source "ChessBase"]
[SourceQuality "1"]

{[%evp 14,67,0,0,0,0,9,1,41,42,38,37,40,39,39,26,26,27,25,9,16,-6,-8,-14,-1,0,0,0,17,27,27,0,0,0,0,1,0,3,0,0,0,0,20,1,0,0,2,-67,-66,-147,-126,-123,-137,-156,-138,-173]} 1. e4 c5 2. Nf3 d6 3. d4 cxd4 4. Nxd4 Nf6 5. Nc3 a6 6. Be2 e5 7. Nf3 Be7 8. Bg5 Be6 {B92: Sicilian Najdorf: 6 Be2.} 9. Bxf6 Bxf6 10. Nd5 Bxd5 {The position is equal.} 11. Qxd5 Qc7 12. O-O O-O 13. Rfd1 Be7 14. c3 Nd7 15. Nd2 {[#]} Rad8 $146 ({Predecessor:} 15... Nf6 16. Qd3 b5 17. Nf1 g6 18. Ne3 Kg7 19. a4 bxa4 20. Rxa4 a5 21. h3 Rfb8 {½-½ (76) Munkhzul,T (2278)-Nechaeva,M (2373) Moscow 2019}) 16. Bf3 b5 17. Nf1 Nb6 18. Qb3 Bg5 19. g3 Kh8 20. h4 Be7 {[%cal Od6d5]} 21. Ne3 {To avoid d5} g6 22. Qc2 d5 23. Nxd5 Nxd5 24. Rxd5 Rxd5 25. exd5 f5 26. Bg2 e4 27. Rd1 Rd8 28. Kh1 Qe5 29. Qd2 Kg7 30. a4 (30. a3 $11) 30... bxa4 $15 31. c4 (31. Qd4 $15 Qxd4 32. Rxd4) 31... Bc5 {And now ...Rb8 would win.} 32. Qa5 {[%csl LRa4,LRa6,LRc5,LRd8] [#]} Qd6 33. Qc3+ Qf6 34. Qc2 {Weighted Error Value: White=0.14 (very precise) /Black=0.05 (flawless)} 1/2-1/2

[Event "MPL 47th National Women Chess-ch 2022"]
[Site "Odisha"]
[Date "2022.02.28"]
[Round "6.8"]
[White "Mohota, Nisha"]
[Black "Gomes, Mary Ann"]
[Result "1/2-1/2"]
[WhiteElo "2147"]
[BlackElo "2361"]
[Annotator "TA"]
[PlyCount "136"]
[EventDate "2022.02.25"]
[EventCountry "IND"]
[SourceTitle "playchess.com"]
[Source "ChessBase"]
[SourceQuality "1"]

{[%evp 9,136,0,16,11,28,16,28,9,2,-8,20,25,30,-14,-13,-7,0,-7,0,-12,-13,-17,-17,-10,-20,-20,0,-20,-21,-22,0,0,-10,-25,-22,-73,-51,-83,-85,-98,-108,-114,-113,-113,-69,-79,-77,-77,-82,-79,-58,-64,-58,-67,-30,-30,-33,-64,-61,-54,-53,-54,-54,-54,-46,-71,0,0,0,0,0,0,11,12,12,12,29,11,6,0,7,8,100,47,49,49,48,56,59,50,52,60,172,154,137,137,137,0,0,0,0,0,0,0,0,0,0,0,0,0,0,0,0,0,0,0,0,0,0,0,0,0,0,0,0,0,0,0,0]} 1. d4 Nf6 2. Nf3 e6 3. Bf4 b6 4. e3 Bb7 5. Bd3 d6 6. h3 {A47: 1 d4 Nf6 2 Nf3 b6: Torre, London and Colle Systems.} g6 7. O-O Bg7 8. Qe2 {White has an edge.} O-O {[#]} 9. Bh2 $146 ({Predecessor:} 9. e4 Nc6 10. c3 Re8 11. Bh2 e5 12. d5 Nb8 13. c4 a5 14. Nc3 Na6 15. b3 {0-1 (52) Osmak,I (2438)-Bulmaga,I (2440) Chess.com INT 2020}) 9... Qe7 10. e4 Nbd7 11. e5 (11. c3 $142) 11... dxe5 $11 12. dxe5 Nd5 13. a3 Bh6 14. Ba6 Bxa6 15. Qxa6 b5 16. Qxb5 Rab8 17. Qd3 Nc5 18. Qc4 Rxb2 19. Nc3 Nb6 (19... c6 {seems wilder.} 20. Nd1 Rb7 21. Re1 Rfb8 22. Bg3 Qf8) 20. Qe2 Nba4 21. Nxa4 (21. Nd1 $5 {[%cal Rd1b2]} Rbb8 22. Bg3 $11) 21... Nxa4 22. Qc4 (22. Qe4 $1 $11 Nb6 23. Rfd1) 22... Nb6 $1 $36 {[%mdl 2048] Black has good play.} 23. Qc3 Rb5 24. Rfd1 Nd5 25. Qd3 {[#]} Rc5 26. Bg3 {[%cal Bh2g3,Bg3h4,Bh4e7,Be7c5][%mdl 32]} Nc3 ({Black should try} 26... Rc3 $17 27. Qd4 a5) 27. Re1 Qd8 28. Bh4 Qxd3 29. cxd3 Rd5 30. d4 Rb8 31. Be7 a5 32. a4 $1 {To avoid Rdb5} Rd7 33. Bc5 Rb3 34. g3 Rd8 35. Kg2 Rdb8 36. h4 Rb2 37. Ng5 Rd2 (37... Bxg5 $17 38. hxg5 Rd2) 38. Rec1 $11 Bxg5 39. Rxc3 Bh6 40. Be7 Bf8 41. Bg5 Rxd4 42. Rxc7 h6 43. Bf6 (43. Be3 {keeps more tension.} Rd5 44. Rac1 Ba3 45. R1c2 Kg7 46. Ra7) 43... Bg7 44. Rac1 Bxf6 45. exf6 {[%mdl 4096] Endgame KRR-KRR} Rdd8 {Prevents Rc8.} (45... Rxa4 $11 46. Rc8+ Rxc8 47. Rxc8+ Kh7) 46. Ra7 {White is more active.} (46. R7c5 $16) 46... Rd5 $14 47. Rcc7 Rf8 48. Rcb7 {Black must now prevent Rb5.} Rf5 49. Rb5 {Hoping for Rxf5.} Rxf6 50. Rbxa5 Rd8 ({Black should play} 50... Kg7 $14) 51. Ra8 $18 Rxa8 52. Rxa8+ $16 {KR-KR} Kg7 {[#]} 53. a5 (53. Ra5 $1 $16 {[%cal Ra5e5] aiming for Re5.} Kf8 54. Rb5) 53... Rf5 $11 {The position is equal.} 54. a6 Ra5 55. Kf3 Kf6 56. Ke3 Ra2 57. Kf3 Ra3+ 58. Ke4 Ra2 59. Ke3 Kf5 60. Kd4 f6 61. Kc5 Rxf2 62. Rf8 Rc2+ 63. Kb6 Rb2+ 64. Kc7 Rc2+ 65. Kb7 {Threatens to win with a7.} Rb2+ 66. Kc7 Rc2+ 67. Kb7 {a7 is the strong threat.} Rb2+ 68. Kc6 {And now a7 would win.} Rc2+ {Weighted Error Value: White=0.11 (very precise) /Black=0.12 (very precise)} 1/2-1/2

[Event "MPL 47th National Women Chess-ch 2022"]
[Site "Odisha"]
[Date "2022.02.28"]
[Round "6.9"]
[White "Priyanka Nutakki"]
[Black "Jyothsna L"]
[Result "1-0"]
[WhiteElo "2301"]
[BlackElo "2052"]
[Annotator "TA"]
[PlyCount "51"]
[EventDate "2022.02.25"]
[EventCountry "IND"]
[SourceTitle "playchess.com"]
[Source "ChessBase"]
[SourceQuality "1"]

{[%evp 20,51,33,43,43,25,50,19,44,38,52,0,47,40,38,27,30,30,141,136,295,293,292,265,558,538,554,549,510,505,1100,1089,1404,851]} 1. d4 d5 2. c4 c6 3. cxd5 cxd5 4. Nc3 Nf6 5. Bf4 Nc6 6. e3 e6 7. Nf3 Be7 8. h3 O-O 9. Bd3 a6 10. Rc1 Bd7 11. O-O b5 {D13: Slav Defence: Exchange variation without ...Bf5.} 12. a3 Na5 13. Qe2 {[#]} Nc4 $146 {The position is equal.} ({Predecessor:} 13... Bc6 14. Ne5 Bb7 15. Ng4 Nxg4 16. hxg4 Nc4 17. a4 b4 18. Nb1 Rc8 19. b3 Na5 {1-0 (51) Deshmukh,A (2244)-Satkar,C (2098) Chennai 2017}) 14. e4 Rc8 15. Rfe1 (15. e5 $14 Ne8 16. g3) 15... Re8 (15... dxe4 $11 {might be stronger.} 16. Nxe4 Bc6) 16. Ne5 (16. e5 {with more complications.} Nh5 17. Be3 g6 18. g4 Ng7 19. Bh6) 16... Bc6 17. exd5 Bxd5 18. Nxd5 Nxd5 (18... exd5 $11 19. Bf5 Ra8) 19. Bxh7+ $1 $16 ({But not} 19. Qh5 g6 20. Nxg6 (20. Qh6 $2 Bf8 $19) 20... hxg6 $16) 19... Kxh7 $2 {Black cannot hold the game after this.} (19... Kf8 $16 {was called for.}) 20. Qh5+ $18 Kg8 {[#] Threatens to win with ...Rf8.} 21. Qxf7+ Kh7 $2 (21... Kh8) 22. Qg6+ {White is clearly winning.} Kg8 23. Qxe6+ Kh7 {[#]} 24. Nf7 $1 Qb6 (24... Bf6 $142) 25. Qxd5 Bf6 26. Qh5+ {Weighted Error Value: White=0.06 (flawless) /Black=0.71} 1-0

[Event "MPL 47th National Women Chess-ch 2022"]
[Site "Odisha"]
[Date "2022.02.28"]
[Round "6.10"]
[White "Harshini A"]
[Black "Savitha Shri B"]
[Result "1-0"]
[WhiteElo "2131"]
[BlackElo "2257"]
[Annotator "TA"]
[PlyCount "121"]
[EventDate "2022.02.25"]
[EventCountry "IND"]
[SourceTitle "playchess.com"]
[Source "ChessBase"]
[SourceQuality "1"]

{[%evp 28,121,0,-12,-12,-28,-6,-13,0,-29,-24,-50,0,0,0,-27,-6,-66,-54,-79,-79,-79,-64,-71,-35,-57,-48,-57,-37,-77,-78,-66,-43,-56,-43,-56,-54,-62,-42,-46,-36,-62,-50,-44,-10,-9,-22,-31,0,0,0,-53,-35,-32,-25,-20,-31,-101,-101,-187,-6,0,95,0,18,22,18,0,0,-102,0,0,0,0,30,0,148,94,80,89,82,0,10,0,313,81,81,0,0,-111,29992,29993,29996,29997,29997,29998]} 1. e4 e5 2. Nf3 Nc6 3. Bb5 a6 4. Ba4 Nf6 5. O-O Be7 6. Re1 b5 7. Bb3 d6 8. c3 O-O 9. d4 {[%cal Bd2d4,Bd4d5][%mdl 32]} Bg4 10. d5 Na5 11. Bc2 Qc8 12. h3 Bd7 13. Nbd2 c6 14. dxc6 Qxc6 15. Nf1 Rfc8 {C91: Closed Ruy Lopez: 7...d6 8 c3 0-0 9 d4.} 16. Bd3 {[#]} Nc4 $146 ({Predecessor:} 16... h6 17. Ng3 Bf8 18. Nh2 Be6 19. Qf3 Nh7 20. Ng4 Kh8 21. Ne3 Nc4 22. a4 bxa4 23. Bxc4 Bxc4 24. Nxc4 Qxc4 {½-½ (59) Aitbayev,A (2416)-Eljanov,P (2681) St Petersburg 2012}) 17. b3 Nb6 {The position is equal.} 18. Bb2 Qb7 19. Rc1 Be6 20. Ng5 Bd7 21. Nf3 h6 22. N1d2 (22. N3d2 $11) 22... Be6 $15 23. Qe2 Nh5 24. Qe3 Nf4 25. Bf1 $1 Ng6 26. Ba3 Nd7 27. g3 Rc6 28. h4 Nf6 29. c4 b4 30. Bb2 Bd8 {Strongly threatening ...Ng4.} 31. Nh2 Bb6 32. Qe2 Bc5 33. Bg2 Qc8 34. Ndf1 a5 35. Ne3 Bxe3 36. Qxe3 a4 37. Rcd1 axb3 38. axb3 Bh3 39. Ra1 ({White should play} 39. Qf3 $11) 39... Bxg2 40. Kxg2 Rca6 41. Rxa6 Rxa6 42. Bc1 (42. Qd2 $15) 42... Nf8 $17 43. Qf3 (43. f3 $17) 43... Kh7 $2 ({Black should try} 43... Ne6 $1 $19 44. Be3 Qb7) 44. Bd2 $11 Rb6 {[#]} (44... Ne6 $11) 45. Be3 (45. Bxh6 $1 $16 d5 46. Bxg7 $1 (46. exd5 gxh6 47. Rxe5 Kg7 $16) 46... Kxg7 47. exd5) 45... Rb8 46. Rd1 Qc6 47. Qf5+ Kg8 48. f3 (48. Ng4 $11 Nxe4 49. f3) 48... N8h7 ({Better is} 48... Ra8 $17 {White must now prevent ...Ra2+.} 49. Bxh6 Ne6) 49. Ng4 Nxg4 50. Qxg4 {Bxh6 is the strong threat.} Kh8 51. Qf5 Qc7 (51... Kg8 $1 $11) 52. c5 {White is much more active.} (52. Ra1 $142 $1 {[%cal Ra1a7]}) 52... g6 $16 53. Qh3 {And now h5 would win.} dxc5 {[#]} 54. Rd7 (54. h5 $1 $16 {[%cal Rh5g6]} Qc6 55. hxg6 (55. Bxh6 c4 $16) 55... Qxg6 56. Bxc5 (56. Qxh6 Qxh6 57. Bxh6 Nf6 $16)) 54... Qc6 $11 (54... Qa5 $2 55. Rxf7 Qa2+ 56. Bf2 Qxb3 57. Qd7 $18) 55. Rxf7 {Hoping for h5.} Rd8 $2 {[%mdl 8192]} (55... c4 $11) 56. Bxh6 $2 (56. h5 $18 {is the precise move to win.}) 56... c4 $16 {[#]} 57. h5 $40 {[%mdl 128] White attacks.} (57. Qh1 $1 $16 {[%cal Rh1a1] aiming for Qa1.} Ra8 58. Qd1) 57... cxb3 $11 {( -> ...Qc2+)} 58. Qh4 (58. Be3 $11 Qc2+ 59. Bf2) 58... Rg8 $2 {[%mdl 8192]} (58... g5 $17 59. Bxg5 Rg8) 59. Qe7 {[%csl Ge7,LRb4,LRe5,LRh7][%cal Rf7h7] White mates.} Nf6 60. Bg7+ Rxg7 61. Qf8+ {Weighted Error Value: White=0.35/Black=0.48} 1-0

[Event "MPL 47th National Women Chess-ch 2022"]
[Site "Odisha"]
[Date "2022.02.28"]
[Round "6.11"]
[White "Parnali, S Dharia"]
[Black "Bristy Mukherjee"]
[Result "1-0"]
[WhiteElo "2224"]
[BlackElo "1856"]
[Annotator "TA"]
[PlyCount "107"]
[EventDate "2022.02.25"]
[EventCountry "IND"]
[SourceTitle "playchess.com"]
[Source "ChessBase"]
[SourceQuality "1"]

{[%evp 11,107,17,47,11,15,0,96,70,73,79,143,143,148,144,200,186,201,189,186,202,306,144,140,128,160,63,61,68,74,71,81,77,82,82,76,65,122,117,116,110,113,98,104,97,114,105,141,89,97,80,75,70,118,86,119,76,178,177,162,145,155,141,135,140,161,149,341,350,377,349,353,255,398,340,350,341,513,523,516,487,672,447,424,413,741,746,5073,627,613,583,2076,1887,12791,5505,412,359,29997,29998]} 1. d4 f5 2. Nf3 Nf6 3. c4 e6 4. e3 b6 5. Bd3 Bb7 6. O-O Ne4 7. Bxe4 {E14: Queen's Indian: Classical Variation (4 e3).} fxe4 8. Nfd2 {[%cal Bf3d2,Bd2e4,Be4f6][%mdl 32]} Bb4 {[#]} (8... Qh4 $11 {keeps the balance.}) 9. Qh5+ $146 {White is better.} ({Predecessor:} 9. Qg4 O-O 10. Nxe4 Nc6 11. Bd2 Be7 12. Bc3 Rf5 13. d5 Ne5 14. Bxe5 Rxe5 15. Nbc3 exd5 16. cxd5 Bxd5 17. Nxd5 Rxd5 {½-½ (31) Chlubna,J (1776)-Horak,J (1915) ICCF email 2017}) 9... g6 10. Qg4 Rg8 (10... Qf6 $142) 11. Nxe4 $16 h5 12. Qf3 {White is more active.} Rf8 {[#] To avoid Nf6+} (12... Be7 $16 {was necessary.} 13. Nbc3 d5) 13. Nf6+ $1 $18 {[%mdl 512]} Rxf6 14. Qxb7 Nc6 {aiming for ...a6.} 15. Qa6 {[%cal Oc4c5]} Rf5 (15... Rf7 {is a better defense.} 16. Bd2 Bxd2) 16. Qa4 (16. c5 $1 $18) 16... Qh4 $16 17. Nd2 g5 18. Qc2 (18. d5 $16 exd5 19. cxd5 Bxd2 20. Qxh4 gxh4 21. dxc6 (21. Bxd2 Rxd5 22. Rad1 d6 $14)) 18... Bd6 $1 $14 {[%csl Gd6][%cal Rh4h2]} 19. g3 Qh3 20. Qe4 h4 {[%cal Rh4g3]} 21. Qg2 Qxg2+ 22. Kxg2 g4 23. f4 $36 {[%mdl 2048] Black is under pressure.} Rh5 (23... gxf3+ $1 $14 24. Nxf3 hxg3) 24. Ne4 $16 {Strongly threatening Nf6+.} Kf7 {To avoid Nf6} 25. Bd2 Rah8 26. Rh1 Bb4 27. Be1 Bxe1 28. Raxe1 ({And not} 28. Rhxe1 hxg3 29. Ng5+ Kg6 30. Kxg3 Rxh2 $15) 28... Nb4 29. gxh4 (29. Nf2 $142 $1) 29... Rxh4 30. a3 Nc6 31. Nf2 Kg6 (31... Ne7 $14) 32. Kg3 Kh5 33. b4 (33. h3 $142 {[%cal Rh3g4]} gxh3 34. Rxh3 Rxh3+ 35. Nxh3) 33... d5 (33... Ne7 $16) 34. cxd5 $18 exd5 {[#]} 35. h3 $1 ({Don't play} 35. Rc1 Ne7 $16) 35... gxh3 {[%cal Oh3h2]} 36. Rxh3 Rxh3+ 37. Nxh3 $16 {[%mdl 4096] Endgame KRN-KRN} Ne7 38. Kf3 {Black must now prevent Rg1.} Nf5 $2 {Loses the game.} (38... Kg6 $16) 39. Rg1 $18 {Rg5+ is the strong threat.} Rf8 40. Rg5+ Kh6 41. Nf2 c6 (41... b5 $142 42. Nd3 Rf6) 42. Ng4+ Kh7 43. Ne5 Ne7 (43... Rf6 {keeps fighting.} 44. Rh5+ Kg7 45. Nxc6 Nxe3 46. Rg5+ Kh7 47. Nxa7 Nc4) 44. Kg4 a5 45. Nd7 Rd8 46. Nxb6 axb4 47. axb4 Rb8 (47... Ng8 $142 48. f5 Rf8) 48. Nd7 Rxb4 49. Re5 (49. f5 $142 Rb7 {[#]} 50. f6 $1) 49... Ng8 50. Kf5 Nh6+ 51. Ke6 Rb3 52. Nf6+ Kh8 53. Kd7 {Threatens to win with Rg5.} Rc3 $2 (53... Kg7 $18 54. Ne8+ (54. Kxc6 Kxf6 55. Kxd5 Ng4 $11) 54... Kf8) 54. Re7 {Weighted Error Value: White=0.38/Black=0.49} 1-0

[Event "MPL 47th National Women Chess-ch 2022"]
[Site "Odisha"]
[Date "2022.02.28"]
[Round "6.12"]
[White "Sachi Jain"]
[Black "Rakshitta Ravi"]
[Result "0-1"]
[WhiteElo "1401"]
[BlackElo "2278"]
[Annotator "TA"]
[PlyCount "68"]
[EventDate "2022.02.25"]
[EventCountry "IND"]
[SourceTitle "playchess.com"]
[Source "ChessBase"]
[SourceQuality "1"]

{[%evp 15,67,10,28,22,23,19,8,0,0,0,8,-78,-64,-64,-70,-86,-60,-75,-52,-51,-59,-88,-78,-70,-13,-79,-85,-88,-54,-129,-123,-131,-137,-134,-109,-133,-117,-144,-141,-282,-284,-339,-326,-421,-454,-1426,-984,-29991,-29992,-29997,-29998,-29998,-29999,-29999]} 1. e4 e5 2. Nf3 Nc6 3. Bc4 Bc5 4. c3 Nf6 {[%cal Bg8f6,Bf6d5,Bd5b6][%mdl 32]} 5. d3 O-O 6. O-O d5 7. exd5 Nxd5 8. Re1 Bg4 {[%cal Bc8g4,Bg4h5,Bh5f7][%mdl 32]} 9. Nbd2 {now scores much better than the old 9.h3. C54: Giuoco Piano: 4 c3 Nf6, main lines with 5 d4 and 5 d3.} Nb6 10. b4 Be7 11. a4 {The position is equal.} a6 12. h3 Bh5 13. a5 (13. Ba3 $11 {remains equal.}) 13... Nxc4 $17 14. Nxc4 f6 {[#]} 15. Qe2 $146 ({Predecessor:} 15. Re3 Qd5 16. Qf1 Rad8 17. Bb2 Bg6 18. Rd1 Bxd3 19. Qxd3 Qf7 20. Nd4 exd4 21. cxd4 Nxb4 {0-1 (45) Dominguez,R (2241)-Becerra,J (2281) Soacha 2021}) 15... Kh8 16. Bb2 Bd6 17. g4 Bf7 18. Ne3 Ne7 19. Nh4 Nd5 ({Black should play} 19... Re8 $15) 20. Nhg2 (20. Nxd5 $1 $11 {keeps the balance.} Bxd5 21. Nf5) 20... Qd7 21. Qf3 c6 22. Nc4 {[#]} (22. Nf5 $15) 22... Bc7 $1 23. Nd2 Bg6 {aiming for ...f5.} 24. Nh4 Nf4 25. Nxg6+ hxg6 26. Re3 f5 {Inhibits Ne4. Black is more active.} 27. Nb3 (27. gxf5 $17 Rxf5 28. Qg4) 27... e4 $19 28. dxe4 fxe4 29. Qxe4 Rae8 30. Qd4 (30. Nc5 $142 Rxe4 31. Nxd7 Rxe3 32. Nxf8 (32. fxe3 {leads to mate.} Nxh3+ 33. Kh1 Rf2)) 30... Qxd4 31. cxd4 Rxe3 {Black mates.} 32. fxe3 Nxh3+ 33. Kg2 Rf2+ 34. Kxh3 Rh2# {Weighted Error Value: White=0.60/Black=0.22 (precise)} 0-1